banner-ar

الالفاظ المهموزة وعقود الهمز: ما يحتاج اليه الكاتب من مهموز ومقصور وممدود / (Record no. 37793)

MARC details
000 -الفاتح
حقل البيانات ثابتة الطول 00583nam a2200145Ia 4500
008 - عناصر البيانات ثابتة الطول - معلومات عامة
حقل البيانات ثابتة الطول 140319s9999 xx 000 0 ara d
040 ## - مصدر الفهرسة
وكالة الفهرسة الأصلية GCL /
وكالة النسخ GCL
082 04 - رقم تصنيف ديوى العشرى
رقم التصنيف 415.1
رقم المادة ج ا
100 1# - المدخل الرئيسى - إسم شخصى
الإسم الشخصى ابن جنى : ابوالفتح عثمان الموصلى البغدادى
245 10 - بيان العنوان
العنوان الالفاظ المهموزة وعقود الهمز: ما يحتاج اليه الكاتب من مهموز ومقصور وممدود /
بيان المسئوليه,etc ابن جنى : ابوالفتح عثمان الموصلى البغدادى
700 1# - المدخل الاضافى - اسم شخصى
الإسم الشخصى مازن المبارك
300 ## - الوصف المادى
التعداد 80 ص
490 ## - بيان السلسلة
عنوان السلسلة
Holdings
حالة التراجع حالة الفقد حالة تلف ليس للاعارة المكان المؤقت الموقع الحالى تاريخ الاكتساب اجمالي اﻻعارات رقم الطلب الباركود تاريخ اخر مشاهدة تاريخ تفعيل السعر نوع وعاء كوها
        مكتبة القاهرة الكبرى مكتبة القاهرة الكبرى 03/26/2014   415.1\ج ا 92265 03/26/2014 03/26/2014 كتاب
        مكتبة القاهرة الكبرى مكتبة القاهرة الكبرى 03/26/2014   415.1\ج ا 92266 03/26/2014 03/26/2014 كتاب

Powered By

EGPV